| 000 | 00401nam a2200169 i 4500 | ||
|---|---|---|---|
| 001 | bg | ||
| 100 | 1 | _aBELOV, V. V | |
| 245 | 0 |
_aTeorija grafov / _cV.V. Belov, E.M. Vorob'ev, V.E. Ĺ atalov. |
|
| 260 |
_aMoskva, _c1976. |
||
| 700 | 1 | _aVOROBEV, E. M. | |
| 700 | 1 | _aSATALOV, V. E. | |
| 040 | _cBPK | ||
| 041 | _apol | ||
| 080 | _a519.1 | ||
| 942 | _cKS | ||
| 008 | s pl f |000 0 pol | ||
| 999 |
_c17157 _d17157 |
||